the 100 characters - Statistics

General Stats
  • This quiz has been taken 450 times
  • The average score is 19 of 31
Answer Stats
Hint Answer % Correct
the 'princess' Clarke Griffin
100%
the mechanic Raven Reyes
97%
the girl hidden under the floor for 16 years Octavia Blake
96%
the chancellor's son Wells Jaha
95%
the spacewalker Finn Collins
94%
the doctor (of the ark) Abby Griffin
93%
the 'king' Bellamy Blake
92%
the commander Heda Leksa
90%
the criminal who tried to hang the 'king' John Murphy
88%
the grounder who becomes a reaper Lincoln
88%
the engineer (of the 100) Monty Green
82%
the self-centered councillor Marcus Kane
81%
the chemist Jasper Jordan
78%
the inside girl (of mount weather) Maya Vie
71%
the chancellor Thelonious Jaha
68%
the 'grounder princess' Anya
65%
the little girl (the murderer) Charlotte
63%
the doctor's assistant (on the ark) Jackson
57%
the chief of the woods clan Indra
55%
the president's son Cage Wallace
53%
the first of the 48 to have bone marrow harvested Harper
53%
the president Dante Wallace
46%
the healer (of the grounders) Nyko
40%
the 'king's' right hand man Nathan Miller
35%
the engineer (of the ark) Kyle Wick
23%
the doctor (of mount weather) Dr. Tsing
21%
the commander's right hand man Gustus
10%
the warrior who escaped the mountain men and lived Monroe
7%
the captain of the guard Byrne
6%
the warrior who escaped the mountain men and fell Sterling
4%
the young warrior killed in the massacre Artigas
3%
No matching quizzes found
Score Distribution
Percent of People with Each Score
Percentile by Number Answered
Your Score History
You have not taken this quiz